logo

Bir Sreshtho Munshi Abdur Rouf Library
Jhenaidah Cadet College

American literary scholarship / (Record no. 7697)

MARC details
000 -LEADER
fixed length control field 01824cas a2200445 a 4500
001 - CONTROL NUMBER
JCCL Control Number 7697
003 - CONTROL NUMBER IDENTIFIER
JCCL marc code BD-JhCC
005 - DATE AND TIME OF LATEST TRANSACTION
control field 20180213111236.0
008 - FIXED-LENGTH DATA ELEMENTS--GENERAL INFORMATION
fixed length control field 750726c19639999ncuar b 0 a0eng c
022 0# - INTERNATIONAL STANDARD SERIAL NUMBER
International Standard Serial Number 0065-9142
035 ## - SYSTEM CONTROL NUMBER
system control number (OCoLC)ocm01480319
040 ## - CATALOGING SOURCE
Original cataloging agency MUL
Transcribing agency MUL
Modifying agency YUS
-- OCL
-- IUL
-- NYG
-- HUL
-- COO
-- AIP
-- OCL
-- NSD
-- OCL
-- DLC
-- NST
-- OCL
-- NSD
-- CUS
-- OCL
-- OCLCQ
-- CDS
-- MUQ
-- CUS
-- NLGGC
-- DLC
-- OCLCQ
-- OCLCF
-- P4I
-- OCLCO
-- J9U
-- OCLCQ
-- NLC
-- CSJ
041 ## - LANGUAGE CODE
Language code of Book eng
050 00 - LIBRARY OF CONGRESS CALL NUMBER
Classification number PS3
Item number .A47
082 14 - DEWEY DECIMAL CLASSIFICATION NUMBER
Classification number 810
DDC Edition number 11
Author mark and Year WOO 1965
100 ## - MAIN ENTRY--PERSONAL NAME
Personal name woodress, Jaines
245 00 - TITLE STATEMENT
Title American literary scholarship /
Statement of responsibility, etc Jaines woodress
260 ## - PUBLICATION, DISTRIBUTION, ETC. (IMPRINT)
Place of publication, distribution, etc Durham, N.C. :
Name of publisher, distributor, etc Duke University Press,
Date of publication, distribution, etc 1965-
300 ## - PHYSICAL DESCRIPTION
Pagination 549p. :
Dimensions 22 cm.
650 #0 - SUBJECT ADDED ENTRY--TOPICAL TERM
Topical term or geographic name as entry element American literature
General subdivision History and criticism
Form subdivision Periodicals.
650 #0 - SUBJECT ADDED ENTRY--TOPICAL TERM
Topical term or geographic name as entry element American literature
General subdivision History and criticism
Form subdivision Bibliography
-- Periodicals.
650 #6 - SUBJECT ADDED ENTRY--TOPICAL TERM
Topical term or geographic name as entry element Littérature américaine
General subdivision Histoire et critique
Form subdivision Périodiques.
650 #6 - SUBJECT ADDED ENTRY--TOPICAL TERM
Topical term or geographic name as entry element Littérature américaine
General subdivision Histoire et critique
Form subdivision Bibliographie
-- Périodiques.
650 #7 - SUBJECT ADDED ENTRY--TOPICAL TERM
Topical term or geographic name as entry element American literature.
650 17 - SUBJECT ADDED ENTRY--TOPICAL TERM
Topical term or geographic name as entry element Letterkunde.
650 17 - SUBJECT ADDED ENTRY--TOPICAL TERM
Topical term or geographic name as entry element Amerikaans.
650 #4 - SUBJECT ADDED ENTRY--TOPICAL TERM
Topical term or geographic name as entry element American literature
General subdivision History and criticism
Form subdivision Bibliography
-- Periodicals.
655 #7 -
Genre/form data or focus term Bibliography.
Source of term fast
655 #7 -
Genre/form data or focus term Criticism, interpretation, etc.
Source of term fast
655 #7 -
Genre/form data or focus term Periodicals.
Source of term fast
655 #7 -
Genre/form data or focus term Electronic journals.
Source of term lcgft
776 1# - ADDITIONAL PHYSICAL FORM ENTRY
Title American literary scholarship (Online)
International Standard Serial Number 1527-2125
Record control number (DLC)sn 99004681
-- (OCoLC)42432380
776 08 - ADDITIONAL PHYSICAL FORM ENTRY
Display text Online version:
Title American literary scholarship
Record control number (OCoLC)565090370
776 08 - ADDITIONAL PHYSICAL FORM ENTRY
Display text Online version:
Title American literary scholarship
Record control number (OCoLC)605407528
942 ## - ADDED ENTRY ELEMENTS (KOHA)
Source of classification or shelving scheme Dewey Decimal Classification
Koha item type Books
Holdings
Source of classification or shelving scheme Damaged status Not for loan Home library Current library Shelving location Total Checkouts Full call number Barcode Date last seen Copy number Koha item type
Dewey Decimal Classification     JCC Rouf Library JCC Rouf Library General Stacks   810 WOO 1965 10283 02/13/2018 C - 1 Books

JCC Library | Contacts | JCC Home

Last Update on 23 September 2017
Copyright @ 2017-2020 JCC Rouf Library
Rouf Library, Jhenidah Cadet College (JCC), Bangladesh